Skład etniczny Rumunii - Statystyki

Ogólne statystyki
  • Ten quiz został rozwiązany 86 razy
  • Średni wynik to 5 z 7
Statystyki odpowiedzi
Hint Odpowiedź % Poprawnych
89,7% Rumuni
96%
6,6% Węgrzy
81%
2,3% Romowie
77%
0,3% Ukraińcy
75%
0,2% Rosjanie
72%
0,2% Turcy
53%
0,3% Niemcy
47%
Nie znaleziono quizów pasujących do podanych kryteriów
Rozkład punktacji
Procent ludzi z każdym wynikiem
Percentyl według liczby udzielonych odpowiedzi
Twoja historia wyników
Nie rozwiązałeś tego quizu